| 000 | 02072cam a2200529 i 4500 | ||
|---|---|---|---|
| 001 | 18594052 | ||
| 003 | BJBSDDR | ||
| 005 | 20260512131722.0 | ||
| 007 | ta | ||
| 008 | 150427r20151974nyua b 000 1 eng | ||
| 010 | _a 2015016209 | ||
| 020 |
_a9780811223225 _qpaperback : alk. paper |
||
| 035 | _a18594052 | ||
| 040 |
_aDLC _beng _cDLC _erda _dDLC |
||
| 041 | _heng | ||
| 042 | _apcc | ||
| 043 | _an-us-ny | ||
| 050 | 0 | 0 |
_aPS3568.O8433 _bO74 2015 |
| 082 | 0 | 0 |
_a813/.54 _223 |
| 100 | 1 |
_aRoss, Fran _d1935-1985 _948405 |
|
| 245 | 1 | 0 |
_aOreo / _cby Fran Ross ; with a foreword by Danzy Senna ; and an afterword by Harryette Mullen. |
| 250 | _aFirst New Directions Paperback edition. | ||
| 264 | 1 |
_aNew York : _bNew Directions Publishing Corporation ; _c2015 . |
|
| 264 | 4 | _c©2015 | |
| 300 |
_axvii, 230 pages : _billustrations ; _c21 cm . |
||
| 336 |
_atext _2rdacontent |
||
| 337 |
_aunmediated _2rdamedia |
||
| 338 |
_avolume _2rdacarrier |
||
| 490 | 0 |
_aNew Directions paperbook ; _vNDP1309 |
|
| 500 | _a"A New Directions Paperbook". | ||
| 504 | _aIncludes bibliographical references. | ||
| 520 | _aOreo, a biracial black girl from Philadelphia, searches for her Jewish father in New York City, navigating the labyrinth of sound studios, brothels, and subway tunnels of Manhattan in a journey of self-discovery | ||
| 650 | 0 |
_aMultiracial people _vFiction. |
|
| 650 | 0 |
_aAfrican American girls _vFiction. |
|
| 650 | 0 |
_aRace relations _vFiction. |
|
| 650 | 0 |
_aJewish girls _vFiction. |
|
| 650 | 0 |
_aBirthfathers _vFiction. |
|
| 651 | 0 |
_aNew York (N.Y.) _vFiction. |
|
| 655 | 0 | _aDomestic fiction. | |
| 655 | 7 |
_aBildungsromans. _2gsafd |
|
| 655 | 7 |
_aFiction. _2lcgft _0https://id.loc.gov/authorities/genreForms/gf2014026339 |
|
| 906 |
_a7 _bcbc _corignew _d1 _eecip _f20 _gy-gencatlg |
||
| 942 |
_2lcc _cBK _n0 |
||
| 946 | _isba | ||
| 999 |
_c127063 _d127063 |
||